Best Players to Ever Wear a Celtics Jersey - Statistics

General Stats
  • This quiz has been taken 9 times
    5 since last reset
  • The average score is 17 of 25
Answer Stats
Hint Answer % Correct
3. Bill Russell
100%
20. Jaylen Brown
100%
18. Jayson Tatum
100%
14. Kyrie Irving
100%
2. Larry Bird
100%
7. Robert Parish
100%
22. Al Horford
80%
11. Bill Walton
80%
5. John Havlicek
80%
4. Kevin Garnett
80%
8. Kevin McHale
80%
9. Paul Pierce
80%
12. Ray Allen
80%
24. Sam Jones
80%
1. Shaquille O'Neal
80%
16. Dave Cowens
60%
23. Tiny Archibald
60%
10. Bob McAdoo
40%
17. Dennis Johnson
40%
15. Dominique Wilkins
40%
6. Gary Payton
40%
21. Jrue Holiday
40%
25. Blake Griffin
20%
19. Rasheed Wallace
20%
13. Chauncey Billups
0%
No matching quizzes found
Score Distribution
Percent of People with Each Score
Percentile by Number Answered
Your Score History
You have not taken this quiz since the last reset